| 000 | 00427nam a2200181Ia 4500 | ||
|---|---|---|---|
| 001 | 4281 | ||
| 005 | 20260306145744.0 | ||
| 008 | 260306t1980||||xx |||||||||||||| ||spa|| | ||
| 041 | _aESP | ||
| 082 |
_a320.1 _bS26 |
||
| 100 |
_aSasso, Javier _eAUT |
||
| 245 | 0 | _aTotalidad concreta y conciencia posible | |
| 260 | _c1980 | ||
| 300 |
_a134 páginas : _c21 cm. |
||
| 650 | _aGEN | ||
| 654 | _aCDE | ||
| 942 |
_cLIB _dJUS _fJUS _2ddc _n |
||
| 999 |
_c4281 _d4281 |
||